000 00488nam a22001937a 4500
003 NUST - PNEC
005 20170116180803.0
008 150417b xxu||||| |||| 00| 0 eng d
020 _a0521707757
040 _cLIBRARY
082 _a428.34 LYN
100 _92698
_aLynch, Tony,
245 _aStudy listening
_c Tony Lynch,
250 _a2th ed.
260 _aUK :
_bCambridge,
_cc 2004.
300 _a214 p . :
650 _92699
_aStudy listening
_xStudy skills
942 _2ddc
_cBK
999 _c63042
_d63042